000 00975nam a22002537a 4500
999 _c18831
_d18831
003 AR-CdUCM
008 190515b ||||| |||| 00| 0 spa d
040 _aMUNICIPALIDAD PROVINCIAL DEL CUSCO
_cBIBLIOTECA MUNICIPAL DEL CUSCO
082 _a938 /
_bN45
100 _aNestle, Wilhelm
_939676
245 _aHistoria del espíritu griego :
_bdesde Homero hasta Luciano /
260 _aBarcelona :
_bAriel,
_c1961.
300 _a379 paginas ;
_c29 cm.
440 _aColección Convivium
_n1
_939677
500 _aTitulo original : Griechische Geistesceschichte
505 _aContenido : Los adelantados del pensamiento racional en el epos -- Homero -- La crisis religiosa de los siglos VII y VIII -- La filosofía jónica hasta Heraclito...
650 _aHomero
_91000
650 _aGrecia
_92521
650 _aHeraclito
_939678
650 _aLa sofistica
_939679
700 _aSacristán, Manuel (Traducción)
_939680
942 _2ddc
_cLIBROS
945 _awnts
_d2019-05-15